000 00927nam 22002533 4500
001 199385
010 _a972-98241-1-8
021 _aPT
_b143487/99
090 _a199385
100 _a20251204d u||y0pory50 ba
101 _apor
102 _aPT
200 _aGuia de Legislação e Recursos Sobre Trabalho Infantil
_fMaria Josefina Leitão [et al.]
_gPrefácio de Eduardo Ferro Rodrigues ; Apresentação de Fernando Ribeiro Mendes
210 _aLisboa
_cMinistério do Trabalho e da Solidariedade
_d1999
215 _a223, [1] p.
_cBrochado
_d24 cm
225 _aDocumentos PEETI
_v1
606 _97590
_aCiências Sociais
_xEconomia. Trabalho
675 _a331-053.2(469)(094.5)/LEI/GUI
_vPT
_zpor
701 _915258
_aLeitão
_bMaria Josefina
702 _915259
_aRodrigues
_bEduardo Ferro
702 _915260
_aMendes
_bFernando Ribeiro
801 _aPT
_bBMMN
_gRPC
830 _cCarlos Pinto
_d04-12-2025
_fCarlos Pinto
990 _cLIVROS